Dejinné poučenie KSČ a literatúra

Bibliographic Details
Other Authors: Rosenbaum, Karol, 1920-2001 (Compiler)
Format: Book
Language:Slovak
PhysicalDescription:373, [4] s. 8°
Published: Bratislava Pravda 1986
Series:Človek a umenie
Subjects:

MARC

LEADER 00000nam a2200000 a 4500
001 vtls001327665
003 SK-MaSNL
005 20260301160135.0
008 251113s1986 xo 0 slo
035 |a SNK000280471 
040 |a SNK  |b slo  |c SNK  |e AACR2 
041 0 |a slo 
044 |a xo  |c SK 
080 |a 885.4(091)"196/198"(082)  |2 1981 
245 1 |a Dejinné poučenie KSČ a literatúra  |c zost. Karol Rosenbaum 
260 |a Bratislava  |b Pravda  |c 1986 
300 |a 373, [4] s.  |c 8° 
490 1 |a Človek a umenie 
650 0 7 |a literatúra slovenská  |x dejiny  |y stor. 20.(r. 60-80.)  |x zborníky  |2 SNK  |9 521274 
700 1 |a Rosenbaum, Karol,  |d 1920-2001  |4 com  |9 103255 
830 0 |a Človek a umenie  |9 276733 
958 |a OND 
958 |a RK 
999 |c 804191  |d 806121 
952 |a SNK  |b SNK  |y PREZ  |7 0  |p 17A0966831  |o snkSC 79103  |i snkD 1106/91  |8 1  |0 0  |1 0  |4 0  |d 1998-04-15  |l 0  |r 2005-01-02 00:00:00  |w 2026-02-24 
952 |a SNK  |b SNK  |y VYP  |7 0  |p 17A1126601  |o snkSC 79103 D1  |i snk2019/3044  |8 1  |0 0  |1 0  |4 0  |d 2019-02-01  |l 0  |r 2026-02-24 02:16:54  |w 2026-02-24